00490nam a2200169 i 4500001000700000003000900007005001700016007000300033008004100036080001600077100001900093245008400112260004000196300003700236650002600273852002100299145920ES-MaACL20230906201346.0t|071018s1952 sp f d |||| | spa d a082.22(038)1 aVega, Vicente.10aDiccionario ilustrado de frases célebres y citas literarias / cVicente Vega. aBarcelona : bGustavo Gili, c1952. aXV, 939 p., 44 lám. ; c23 cm. 4aCitas-vDiccionarios. aES-MaACLjC-5901